| 000 | 00566cam a2200193 4500500 | ||
|---|---|---|---|
| 005 | 20260405001126.0 | ||
| 041 | _afre | ||
| 042 | _adc | ||
| 100 | 1 | 0 |
_aLegros, Martin _eauthor |
| 245 | 0 | 0 | _aJe suis ce que je mange |
| 260 | _c2011. | ||
| 500 | _a75 | ||
| 690 | _aCivilisations | ||
| 690 | _aDiététique | ||
| 690 | _aMatérialisme | ||
| 690 | _aNourriture | ||
| 786 | 0 | _nPhilosophie magazine | 50 | 6 | 2011-06-01 | p. 11-11 | 1951-1787 | |
| 856 | 4 | 1 | _uhttps://shs.cairn.info/magazine-philosophie-magazine-2011-6-page-11?lang=fr&redirect-ssocas=7080 |
| 999 |
_c2044316 _d2044316 |
||